[Event "DVM U14 2022"]
[Site "Kelheim GER"]
[Date "2022.12.29"]
[Round "5"]
[White "Kuhlmann, Nils Magnus"]
[Black "Vollbehr, Bjarne"]
[Result "0-1"]
[Termination "normal"]
[Board "2.3"]
[WhiteElo "1560"]
[BlackElo "1791"]
[WhiteClock "00:20:27"]
[BlackClock "01:26:07"]
[WhiteTeam "SG Einheit Staßfurt"]
[BlackTeam "SK Doppelbauer Kiel"]
[PlyCount "104"]
[WhiteFideId "16287177"]
[BlackFideId "34606025"]
[EventCountry "GER"]
[EventRounds "7"]
[EventType "team-swiss"]
[EventDate "2022.12.26"]

1. e4 {[%clk 01:30:58]} {[%emt 00:00:01]} g6 {[%clk 01:30:54]} {[%emt
00:00:06]} 2. d4 {[%clk 01:30:02]} {[%emt 00:01:26]} Bg7 {[%clk 01:31:15]}
{[%emt 00:00:10]} 3. Nc3 {[%clk 01:30:26]} {[%emt 00:00:06]} a6 {[%clk
01:31:38]} {[%emt 00:00:07]} 4. Be3 {[%clk 01:29:52]} {[%emt 00:01:04]} b5
{[%clk 01:31:54]} {[%emt 00:00:14]} 5. Qd2 {[%clk 01:29:00]} {[%emt 00:01:22]}
d6 {[%clk 01:32:05]} {[%emt 00:00:18]} 6. O-O-O {[%clk 01:29:11]} {[%emt
00:00:20]} Nd7 {[%clk 01:31:57]} {[%emt 00:00:38]} 7. h4 {[%clk 01:28:29]}
{[%emt 00:01:12]} h5 {[%clk 01:32:20]} {[%emt 00:00:07]} 8. f3 {[%clk
01:28:14]} {[%emt 00:00:45]} Bb7 {[%clk 01:32:43]} {[%emt 00:00:07]} 9. Nh3
{[%clk 01:28:30]} {[%emt 00:00:14]} Rc8 {[%clk 01:33:00]} {[%emt 00:00:13]} 10.
Ng5 {[%clk 01:26:28]} {[%emt 00:02:31]} c5 {[%clk 01:32:42]} {[%emt 00:00:48]}
11. dxc5 {[%clk 01:25:42]} {[%emt 00:01:17]} Nxc5 {[%clk 01:32:56]} {[%emt
00:00:15]} 12. Bd4 {[%clk 01:13:18]} {[%emt 00:12:55]} Nf6 {[%clk 01:31:37]}
{[%emt 00:01:49]} 13. Qf4 {[%clk 01:12:05]} {[%emt 00:01:43]} Qa5 {[%clk
01:24:35]} {[%emt 00:07:31]} 14. e5 {[%clk 00:57:34]} {[%emt 00:15:01]} dxe5
{[%clk 01:21:13]} {[%emt 00:03:53]} 15. Bxe5 {[%clk 00:54:58]} {[%emt
00:03:06]} b4 {[%clk 01:20:14]} {[%emt 00:01:28]} 16. Nb1 {[%clk 00:54:34]}
{[%emt 00:00:54]} b3 {[%clk 01:17:36]} {[%emt 00:03:09]} 17. Bc4 {[%clk
00:45:57]} {[%emt 00:09:07]} bxc2 {[%clk 01:15:21]} {[%emt 00:02:44]} 18. Kxc2
{[%clk 00:42:21]} {[%emt 00:04:06]} Qa4 {[%clk 01:14:45]} {[%emt 00:01:05]} 19.
Kd2 {[%clk 00:39:23]} {[%emt 00:03:30]} Qxc4 {[%clk 01:06:29]} {[%emt
00:08:45]} 20. Qxc4 {[%clk 00:35:34]} {[%emt 00:04:19]} Nce4 {[%clk 01:06:51]}
{[%emt 00:00:07]} 21. Nxe4 {[%clk 00:34:12]} {[%emt 00:01:53]} Rxc4 {[%clk
01:07:02]} 22. Bxf6 {[%clk 00:34:20]} {[%emt 00:00:41]} Bxf6 {[%clk 01:07:07]}
{[%emt 00:00:26]} 23. Nxf6 {[%clk 00:34:32]} {[%emt 00:00:18]} exf6 {[%clk
01:07:29]} {[%emt 00:00:08]} 24. Rhe1 {[%clk 00:35:00]} {[%emt 00:00:01]} Kf8
{[%clk 01:07:26]} {[%emt 00:00:33]} 25. Nc3 {[%clk 00:34:28]} {[%emt 00:01:02]}
Rxh4 {[%clk 01:06:58]} {[%emt 00:00:58]} 26. Kc1 {[%clk 00:34:23]} {[%emt
00:00:35]} Bc6 {[%clk 01:06:20]} {[%emt 00:01:08]} 27. Rd6 {[%clk 00:31:52]}
{[%emt 00:03:01]} Bb5 {[%clk 01:05:12]} {[%emt 00:01:38]} 28. Nxb5 {[%clk
00:30:21]} {[%emt 00:02:01]} axb5 {[%clk 01:05:25]} {[%emt 00:00:17]} 29. Rb6
{[%clk 00:30:25]} {[%emt 00:00:26]} b4 {[%clk 01:04:12]} {[%emt 00:01:42]} 30.
Rxf6 {[%clk 00:23:58]} {[%emt 00:06:59]} Kg7 {[%clk 01:04:20]} {[%emt
00:00:21]} 31. Rb6 {[%clk 00:24:12]} {[%emt 00:00:16]} Ra8 {[%clk 01:04:16]}
{[%emt 00:00:34]} 32. Kb1 {[%clk 00:23:01]} {[%emt 00:01:41]} Rd4 {[%clk
01:03:53]} {[%emt 00:00:53]} 33. Rb7 {[%clk 00:20:36]} {[%emt 00:02:55]} Rc8
{[%clk 01:03:07]} {[%emt 00:01:16]} 34. b3 {[%clk 00:10:00]} {[%emt 00:11:06]}
Rcd8 {[%clk 01:02:51]} {[%emt 00:00:46]} 35. Rc7 {[%clk 00:09:34]} {[%emt
00:00:56]} Rd2 {[%clk 01:02:27]} {[%emt 00:00:53]} 36. Rc2 {[%clk 00:09:52]}
{[%emt 00:00:13]} f5 {[%clk 01:01:06]} {[%emt 00:01:51]} 37. Rec1 {[%clk
00:02:03]} {[%emt 00:08:19]} g5 {[%clk 00:59:44]} {[%emt 00:01:52]} 38. Rc7
{[%clk 00:01:56]} {[%emt 00:00:37]} Kf6 {[%clk 00:59:39]} {[%emt 00:00:35]} 39.
R1c2 {[%clk 00:00:56]} {[%emt 00:01:30]} Ke5 {[%clk 00:59:06]} {[%emt
00:01:02]} 40. R2c4 {[%clk 00:00:31]} {[%emt 00:00:56]} Rxg2 {[%clk 00:58:12]}
{[%emt 00:01:24]} 41. f4 {[%clk 00:28:40]} {[%emt 00:02:21]} gxf4 {[%clk
01:27:35]} {[%emt 00:01:06]} 42. R7c5 {[%clk 00:29:07]} {[%emt 00:00:04]} Kf6
{[%clk 01:27:04]} {[%emt 00:01:00]} 43. Rxf4 {[%clk 00:28:35]} {[%emt
00:01:03]} Rd1 {[%clk 01:26:31]} {[%emt 00:01:03]} 44. Rc1 {[%clk 00:29:01]}
{[%emt 00:00:04]} Rxc1 {[%clk 01:26:52]} {[%emt 00:00:09]} 45. Kxc1 {[%clk
00:29:28]} {[%emt 00:00:03]} Rxa2 {[%clk 01:27:11]} {[%emt 00:00:11]} 46. Rxb4
{[%clk 00:29:52]} {[%emt 00:00:06]} Re2 {[%clk 01:27:16]} {[%emt 00:00:25]} 47.
Rb8 {[%clk 00:28:52]} {[%emt 00:01:30]} h4 {[%clk 01:26:38]} {[%emt 00:01:08]}
48. Kd1 {[%clk 00:27:55]} {[%emt 00:01:27]} Re6 {[%clk 01:26:28]} {[%emt
00:00:40]} 49. Rg8 {[%clk 00:25:35]} {[%emt 00:02:50]} Re4 {[%clk 01:26:09]}
{[%emt 00:00:48]} 50. Rh8 {[%clk 00:24:14]} {[%emt 00:01:52]} Kg5 {[%clk
01:26:09]} {[%emt 00:00:29]} 51. Rg8 {[%clk 00:23:51]} {[%emt 00:00:55]} Kf4
{[%clk 01:26:10]} {[%emt 00:00:28]} 52. Kd2 {[%clk 00:20:27]} {[%emt 00:03:55]}
h3 {[%clk 01:26:07]} {[%emt 00:00:33]} 0-1

[Event "DVM U14 2022"]
[Site "Kelheim GER"]
[Date "2022.12.29"]
[Round "5"]
[White "Li, Luxuan"]
[Black "Schambier, Leon Elias"]
[Result "1/2-1/2"]
[Termination "normal"]
[Board "2.4"]
[WhiteElo "1380"]
[BlackElo "1306"]
[WhiteClock "00:28:33"]
[BlackClock "00:02:10"]
[WhiteTeam "SK Doppelbauer Kiel"]
[BlackTeam "SG Einheit Staßfurt"]
[PlyCount "91"]
[WhiteFideId "34617507"]
[BlackFideId "34608184"]
[EventCountry "GER"]
[EventRounds "7"]
[EventType "team-swiss"]
[EventDate "2022.12.26"]

1. e4 {[%clk 01:30:51]} {[%emt 00:00:09]} e5 {[%clk 01:29:49]} {[%emt
00:01:12]} 2. Nf3 {[%clk 01:31:04]} {[%emt 00:00:17]} Nc6 {[%clk 01:29:47]}
{[%emt 00:00:31]} 3. d4 {[%clk 01:31:19]} {[%emt 00:00:15]} exd4 {[%clk
01:29:46]} {[%emt 00:00:30]} 4. Nxd4 {[%clk 01:31:38]} {[%emt 00:00:11]} Bc5
{[%clk 01:30:00]} {[%emt 00:00:16]} 5. Be3 {[%clk 01:31:54]} {[%emt 00:00:15]}
Qf6 {[%clk 01:30:13]} {[%emt 00:00:17]} 6. c3 {[%clk 01:32:06]} {[%emt
00:00:18]} Nge7 {[%clk 01:29:49]} {[%emt 00:00:53]} 7. Bc4 {[%clk 01:31:59]}
{[%emt 00:00:37]} O-O {[%clk 01:29:59]} {[%emt 00:00:21]} 8. Nxc6 {[%clk
01:30:31]} {[%emt 00:01:58]} Qxc6 {[%clk 01:29:34]} {[%emt 00:00:55]} 9. Bxc5
{[%clk 01:28:48]} {[%emt 00:02:13]} Qxc5 {[%clk 01:29:53]} {[%emt 00:00:11]}
10. Qd4 {[%clk 01:26:08]} {[%emt 00:03:10]} Qg5 {[%clk 01:28:26]} {[%emt
00:01:54]} 11. Nd2 {[%clk 01:21:05]} {[%emt 00:05:35]} Qxg2 {[%clk 01:26:38]}
{[%emt 00:02:19]} 12. O-O-O {[%clk 01:20:19]} {[%emt 00:01:15]} Nc6 {[%clk
01:16:14]} {[%emt 00:10:54]} 13. Qe3 {[%clk 01:18:34]} {[%emt 00:02:15]} Qg6
{[%clk 01:07:57]} {[%emt 00:08:46]} 14. Rdg1 {[%clk 01:10:31]} {[%emt
00:08:35]} Qf6 {[%clk 01:07:34]} {[%emt 00:00:52]} 15. Rg3 {[%clk 01:05:53]}
{[%emt 00:05:10]} d6 {[%clk 00:57:32]} {[%emt 00:10:31]} 16. Rhg1 {[%clk
00:59:52]} {[%emt 00:06:31]} g6 {[%clk 00:55:13]} {[%emt 00:02:49]} 17. Qh6
{[%clk 00:46:34]} {[%emt 00:13:48]} Be6 {[%clk 00:24:38]} {[%emt 00:31:05]} 18.
Bxe6 {[%clk 00:35:21]} {[%emt 00:11:42]} Qxe6 {[%clk 00:24:55]} {[%emt
00:00:13]} 19. Rh3 {[%clk 00:33:54]} {[%emt 00:01:58]} Rfe8 {[%clk 00:16:11]}
{[%emt 00:09:13]} 20. Qxh7 {[%clk 00:26:46]} {[%emt 00:07:39]} Kf8 {[%clk
00:16:30]} {[%emt 00:00:11]} 21. Rf3 {[%clk 00:24:24]} {[%emt 00:02:52]} Ne5
{[%clk 00:14:49]} {[%emt 00:02:11]} 22. Re3 {[%clk 00:18:15]} {[%emt 00:06:39]}
Qxa2 {[%clk 00:14:14]} {[%emt 00:01:04]} 23. Kc2 {[%clk 00:15:57]} {[%emt
00:02:49]} Qa4 {[%clk 00:12:27]} {[%emt 00:02:15]} 24. Kb1 {[%clk 00:15:33]}
{[%emt 00:00:55]} Rad8 {[%clk 00:04:18]} {[%emt 00:08:40]} 25. f4 {[%clk
00:15:07]} {[%emt 00:00:56]} Nc4 {[%clk 00:01:57]} {[%emt 00:02:51]} 26. Nxc4
{[%clk 00:13:17]} {[%emt 00:02:20]} Qxc4 {[%clk 00:02:21]} {[%emt 00:00:06]}
27. Qh6 {[%clk 00:13:04]} {[%emt 00:00:42]} Ke7 {[%clk 00:02:28]} {[%emt
00:00:24]} 28. f5 {[%clk 00:12:21]} {[%emt 00:01:13]} gxf5 {[%clk 00:02:21]}
{[%emt 00:00:37]} 29. Qg5 {[%clk 00:11:25]} {[%emt 00:01:26]} Kd7 {[%clk
00:02:02]} {[%emt 00:00:49]} 30. Qxf5 {[%clk 00:11:09]} {[%emt 00:00:45]} Kc6
{[%clk 00:01:45]} {[%emt 00:00:48]} 31. Rge1 {[%clk 00:10:35]} {[%emt
00:01:04]} Qe6 {[%clk 00:01:33]} {[%emt 00:00:42]} 32. Qa5 {[%clk 00:09:35]}
{[%emt 00:01:31]} b6 {[%clk 00:01:51]} {[%emt 00:00:11]} 33. Qa6 {[%clk
00:08:52]} {[%emt 00:01:13]} f5 {[%clk 00:01:40]} {[%emt 00:00:41]} 34. exf5
{[%clk 00:07:13]} {[%emt 00:02:09]} Qxf5 {[%clk 00:02:01]} {[%emt 00:00:09]}
35. Ka1 {[%clk 00:06:43]} {[%emt 00:00:59]} Rxe3 {[%clk 00:02:04]} {[%emt
00:00:28]} 36. Rxe3 {[%clk 00:06:00]} {[%emt 00:01:13]} Qa5 {[%emt 00:00:23]}
37. Qxa5 {[%clk 00:06:10]} bxa5 {[%clk 00:02:56]} {[%emt 00:00:04]} 38. h4
{[%clk 00:05:44]} {[%emt 00:00:56]} Rg8 {[%clk 00:02:57]} {[%emt 00:00:19]} 39.
Rh3 {[%clk 00:05:29]} {[%emt 00:00:55]} Kc5 {[%clk 00:02:48]} {[%emt 00:00:39]}
40. Ka2 {[%clk 00:04:31]} {[%emt 00:01:27]} Rh8 {[%clk 00:02:00]} {[%emt
00:01:19]} 41. h5 {[%clk 00:04:03]} {[%emt 00:00:58]} Rh6 {[%clk 00:02:17]}
{[%emt 00:00:13]} 42. Rh4 {[%clk 00:03:59]} {[%emt 00:00:34]} Kb5 {[%clk
00:02:22]} {[%emt 00:00:24]} 43. Kb3 {[%clk 00:02:06]} {[%emt 00:02:24]} a4
{[%clk 00:02:11]} {[%emt 00:00:41]} 44. Rxa4 {[%clk 00:01:29]} {[%emt
00:01:07]} a5 {[%clk 00:02:08]} {[%emt 00:00:33]} 45. Rh4 {[%clk 00:01:06]}
{[%emt 00:00:53]} c6 {[%clk 00:02:10]} {[%emt 00:00:28]} 46. Ka3 {[%clk
00:28:33]} {[%emt 00:03:03]} 1/2-1/2

[Event "DVM U14 2022"]
[Site "Kelheim GER"]
[Date "2022.12.29"]
[Round "5"]
[White "Semling, Julius"]
[Black "Korchynskyi, Mykola"]
[Result "1-0"]
[Termination "normal"]
[Board "3.1"]
[WhiteElo "1915"]
[BlackElo "1861"]
[WhiteClock "00:14:04"]
[BlackClock "00:16:48"]
[WhiteTeam "OSG Baden-Baden"]
[BlackTeam "Schachfreunde Essen-Katernberg 04/32 e. V."]
[PlyCount "109"]
[WhiteFideId "16290160"]
[BlackFideId "34138005"]
[EventCountry "GER"]
[EventRounds "7"]
[EventType "team-swiss"]
[EventDate "2022.12.26"]

1. e4 {[%clk 01:30:57]} {[%emt 00:00:02]} e6 {[%clk 01:30:53]} {[%emt
00:00:07]} 2. d4 {[%clk 01:31:22]} {[%emt 00:00:06]} d5 {[%clk 01:31:21]}
{[%emt 00:00:02]} 3. Nc3 {[%clk 01:31:44]} {[%emt 00:00:08]} dxe4 {[%clk
01:28:37]} {[%emt 00:03:14]} 4. Nxe4 {[%clk 01:32:07]} {[%emt 00:00:06]} Nd7
{[%clk 01:29:05]} {[%emt 00:00:02]} 5. g3 {[%clk 01:32:27]} {[%emt 00:00:11]}
Ngf6 {[%clk 01:29:20]} {[%emt 00:00:15]} 6. Nxf6 {[%clk 01:32:46]} {[%emt
00:00:10]} Nxf6 {[%clk 01:29:44]} {[%emt 00:00:06]} 7. Bg2 {[%clk 01:33:09]}
{[%emt 00:00:08]} c5 {[%clk 01:28:36]} {[%emt 00:01:38]} 8. Nf3 {[%clk
01:33:33]} {[%emt 00:00:06]} cxd4 {[%clk 01:20:47]} {[%emt 00:08:18]} 9. Qxd4
{[%clk 01:33:34]} {[%emt 00:00:28]} Qxd4 {[%clk 01:19:28]} {[%emt 00:01:50]}
10. Nxd4 {[%clk 01:33:58]} {[%emt 00:00:06]} a6 {[%clk 01:18:39]} {[%emt
00:01:18]} 11. O-O {[%clk 01:31:09]} {[%emt 00:03:20]} Bd6 {[%clk 01:17:26]}
{[%emt 00:01:41]} 12. Nb3 {[%clk 01:28:58]} {[%emt 00:02:43]} Ke7 {[%clk
01:15:55]} {[%emt 00:02:00]} 13. Na5 {[%clk 01:22:48]} {[%emt 00:06:40]} Nd5
{[%clk 01:10:57]} {[%emt 00:05:28]} 14. c4 {[%clk 01:18:43]} {[%emt 00:04:35]}
Bb4 {[%clk 01:06:23]} {[%emt 00:05:05]} 15. Nb3 {[%clk 01:17:06]} {[%emt
00:02:07]} Nf6 {[%clk 01:00:08]} {[%emt 00:06:46]} 16. c5 {[%clk 01:09:59]}
{[%emt 00:07:37]} e5 {[%clk 01:00:00]} {[%emt 00:00:36]} 17. a3 {[%clk
01:07:57]} {[%emt 00:02:33]} Be6 {[%clk 01:00:14]} {[%emt 00:00:17]} 18. axb4
{[%clk 01:07:52]} {[%emt 00:00:34]} Bxb3 {[%clk 01:00:41]} {[%emt 00:00:03]}
19. Re1 {[%clk 01:05:19]} {[%emt 00:03:03]} e4 {[%clk 00:58:55]} {[%emt
00:02:16]} 20. Bg5 {[%clk 01:02:29]} {[%emt 00:03:19]} Kd7 {[%clk 00:52:29]}
{[%emt 00:06:56]} 21. Bxf6 {[%clk 00:59:17]} {[%emt 00:03:43]} gxf6 {[%clk
00:52:57]} {[%emt 00:00:02]} 22. Rxe4 {[%clk 00:58:33]} {[%emt 00:01:14]} Be6
{[%clk 00:52:34]} {[%emt 00:00:53]} 23. Rd1 {[%clk 00:52:06]} {[%emt 00:06:57]}
Kc7 {[%clk 00:52:26]} {[%emt 00:00:38]} 24. Rd6 {[%clk 00:49:15]} {[%emt
00:03:20]} Rhd8 {[%clk 00:46:26]} {[%emt 00:06:30]} 25. Red4 {[%clk 00:48:09]}
{[%emt 00:01:36]} Re8 {[%clk 00:45:03]} {[%emt 00:01:53]} 26. h4 {[%clk
00:42:58]} {[%emt 00:05:42]} Re7 {[%emt 00:05:47]} 27. Bf3 {[%clk 00:34:45]}
{[%emt 00:08:40]} f5 {[%clk 00:38:29]} {[%emt 00:01:50]} 28. Kg2 {[%clk
00:33:02]} {[%emt 00:02:13]} Rg8 {[%clk 00:37:35]} {[%emt 00:01:20]} 29. Bd5
{[%clk 00:30:10]} {[%emt 00:03:25]} Bc8 {[%clk 00:35:56]} {[%emt 00:02:09]} 30.
Kf3 {[%clk 00:24:15]} {[%emt 00:06:26]} Be6 {[%clk 00:35:17]} {[%emt 00:01:09]}
31. Rb6 {[%clk 00:20:46]} {[%emt 00:03:58]} Bc8 {[%clk 00:34:23]} {[%emt
00:01:24]} 32. Bb3 {[%clk 00:17:58]} {[%emt 00:03:17]} Rg4 {[%clk 00:31:37]}
{[%emt 00:03:17]} 33. Rbd6 {[%clk 00:14:36]} {[%emt 00:03:51]} Ree4 {[%clk
00:29:05]} {[%emt 00:03:04]} 34. Rxe4 {[%clk 00:14:02]} {[%emt 00:01:04]} Rxe4
{[%clk 00:29:14]} {[%emt 00:00:21]} 35. Bxf7 {[%clk 00:12:51]} {[%emt
00:01:41]} Rxb4 {[%clk 00:28:58]} {[%emt 00:00:45]} 36. Rh6 {[%clk 00:12:31]}
{[%emt 00:00:50]} Rxb2 {[%clk 00:27:42]} {[%emt 00:01:46]} 37. Rxh7 {[%clk
00:12:49]} {[%emt 00:00:12]} Kc6 {[%clk 00:25:54]} {[%emt 00:02:19]} 38. h5
{[%clk 00:12:27]} {[%emt 00:00:52]} f4 {[%clk 00:25:06]} {[%emt 00:01:18]} 39.
g4 {[%clk 00:10:59]} {[%emt 00:01:58]} Rd2 {[%clk 00:24:15]} {[%emt 00:01:20]}
40. Rg7 {[%clk 00:08:20]} {[%emt 00:03:09]} Rd3 {[%clk 00:23:24]} {[%emt
00:01:22]} 41. Kxf4 {[%clk 00:07:16]} {[%emt 00:01:33]} Rh3 {[%clk 00:22:38]}
{[%emt 00:01:17]} 42. Kg5 {[%clk 00:07:11]} {[%emt 00:00:34]} Kxc5 {[%clk
00:21:47]} {[%emt 00:01:22]} 43. h6 {[%clk 00:07:33]} {[%emt 00:00:08]} Bxg4
{[%clk 00:22:06]} {[%emt 00:00:11]} 44. h7 {[%clk 00:28:54]} {[%emt 00:09:09]}
Bf3 {[%clk 00:47:08]} {[%emt 00:05:27]} 45. Bg6 {[%clk 00:28:35]} {[%emt
00:00:49]} a5 {[%clk 00:41:43]} {[%emt 00:05:56]} 46. Rg8 {[%clk 00:27:16]}
{[%emt 00:01:48]} b5 {[%clk 00:41:13]} {[%emt 00:00:59]} 47. h8=Q {[%clk
00:27:27]} {[%emt 00:00:20]} Rxh8 {[%clk 00:41:35]} {[%emt 00:00:08]} 48. Rxh8
{[%clk 00:27:49]} {[%emt 00:00:08]} a4 {[%clk 00:41:59]} {[%emt 00:00:07]} 49.
Kf4 {[%clk 00:24:53]} {[%emt 00:03:25]} Bd5 {[%clk 00:40:26]} {[%emt 00:02:04]}
50. Ke5 {[%clk 00:17:16]} {[%emt 00:08:06]} Bf3 {[%clk 00:33:13]} {[%emt
00:07:43]} 51. Bf7 {[%clk 00:15:57]} {[%emt 00:01:50]} b4 {[%clk 00:31:26]}
{[%emt 00:02:16]} 52. Rc8 {[%clk 00:15:14]} {[%emt 00:01:13]} Kb5 {[%clk
00:29:13]} {[%emt 00:02:43]} 53. Kd4 {[%clk 00:14:36]} {[%emt 00:01:08]} Ka5
{[%clk 00:24:48]} {[%emt 00:04:55]} 54. Rb8 {[%clk 00:14:07]} {[%emt 00:00:58]}
a3 {[%clk 00:16:48]} {[%emt 00:08:32]} 55. Bb3 {[%clk 00:14:04]} {[%emt
00:00:29]} 1-0

[Event "DVM U14 2022"]
[Site "Kelheim GER"]
[Date "2022.12.29"]
[Round "5"]
[White "Berresheim, Nils"]
[Black "Semling, Johannes"]
[Result "0-1"]
[Termination "normal"]
[Board "3.2"]
[WhiteElo "1755"]
[BlackElo "1794"]
[WhiteClock "00:01:57"]
[BlackClock "00:16:00"]
[WhiteTeam "Schachfreunde Essen-Katernberg 04/32 e. V."]
[BlackTeam "OSG Baden-Baden"]
[PlyCount "74"]
[WhiteFideId "16246306"]
[BlackFideId "16290151"]
[EventCountry "GER"]
[EventRounds "7"]
[EventType "team-swiss"]
[EventDate "2022.12.26"]

1. c4 {[%clk 01:30:50]} {[%emt 00:00:09]} e6 {[%clk 01:30:46]} {[%emt
00:00:15]} 2. g3 {[%clk 01:30:43]} {[%emt 00:00:37]} Nf6 {[%clk 01:30:49]}
{[%emt 00:00:26]} 3. Bg2 {[%clk 01:30:27]} {[%emt 00:00:46]} d5 {[%clk
01:30:47]} {[%emt 00:00:32]} 4. Nc3 {[%clk 01:29:52]} {[%emt 00:01:06]} Be7
{[%clk 01:30:20]} {[%emt 00:00:56]} 5. d4 {[%clk 01:28:21]} {[%emt 00:02:02]}
O-O {[%clk 01:30:24]} {[%emt 00:00:25]} 6. Nf3 {[%clk 01:27:08]} {[%emt
00:01:43]} c6 {[%clk 01:30:00]} {[%emt 00:00:54]} 7. O-O {[%clk 01:26:28]}
{[%emt 00:01:08]} a5 {[%clk 01:28:45]} {[%emt 00:01:48]} 8. Re1 {[%clk
01:23:00]} {[%emt 00:03:58]} Nbd7 {[%clk 01:27:07]} {[%emt 00:02:07]} 9. Nd2
{[%clk 01:13:28]} {[%emt 00:10:03]} b6 {[%clk 01:25:19]} {[%emt 00:02:18]} 10.
e4 {[%clk 01:10:31]} {[%emt 00:03:27]} dxc4 {[%clk 01:24:30]} {[%emt 00:01:18]}
11. Nxc4 {[%clk 01:09:27]} {[%emt 00:01:35]} Ba6 {[%clk 01:22:17]} {[%emt
00:02:42]} 12. Ne3 {[%clk 01:06:36]} {[%emt 00:03:20]} b5 {[%clk 01:17:49]}
{[%emt 00:04:59]} 13. e5 {[%clk 00:57:05]} {[%emt 00:10:02]} Nd5 {[%clk
01:17:55]} {[%emt 00:00:24]} 14. Ncxd5 {[%clk 00:56:24]} {[%emt 00:01:11]} cxd5
{[%clk 01:17:09]} {[%emt 00:01:15]} 15. f4 {[%clk 00:54:15]} {[%emt 00:02:39]}
Qb6 {[%clk 01:12:31]} {[%emt 00:05:06]} 16. Kh1 {[%clk 00:52:39]} {[%emt
00:02:08]} b4 {[%clk 01:09:05]} {[%emt 00:03:56]} 17. f5 {[%clk 00:45:05]}
{[%emt 00:08:05]} Rfd8 {[%clk 01:03:40]} {[%emt 00:05:54]} 18. Bf1 {[%clk
00:41:23]} {[%emt 00:04:12]} Rac8 {[%clk 00:58:33]} {[%emt 00:05:38]} 19. Bxa6
{[%clk 00:38:30]} {[%emt 00:03:23]} Qxa6 {[%clk 00:58:54]} {[%emt 00:00:09]}
20. Rf1 {[%clk 00:36:40]} {[%emt 00:02:18]} Bg5 {[%clk 00:52:34]} {[%emt
00:06:51]} 21. Qg4 {[%clk 00:23:37]} {[%emt 00:13:33]} Bh6 {[%clk 00:48:05]}
{[%emt 00:04:58]} 22. f6 {[%clk 00:21:01]} {[%emt 00:03:07]} Qd3 {[%clk
00:42:43]} {[%emt 00:05:50]} 23. Rd1 {[%clk 00:10:42]} {[%emt 00:10:51]} Rxc1
{[%clk 00:40:38]} {[%emt 00:02:35]} 24. Raxc1 {[%clk 00:08:47]} {[%emt
00:02:24]} Qxe3 {[%clk 00:40:50]} {[%emt 00:00:19]} 25. Rc7 {[%clk 00:07:14]}
{[%emt 00:02:04]} Nb6 {[%clk 00:37:24]} {[%emt 00:03:53]} 26. b3 {[%clk
00:06:31]} {[%emt 00:01:17]} Qe4 {[%clk 00:32:08]} {[%emt 00:05:45]} 27. Qxe4
{[%clk 00:06:54]} {[%emt 00:00:06]} dxe4 {[%clk 00:32:37]} 28. Ra7 {[%clk
00:06:25]} {[%emt 00:01:01]} gxf6 {[%clk 00:30:06]} {[%emt 00:02:59]} 29. exf6
{[%clk 00:06:22]} {[%emt 00:00:34]} Nd5 {[%clk 00:27:42]} {[%emt 00:02:52]} 30.
Rxa5 {[%clk 00:06:05]} {[%emt 00:00:50]} Nxf6 {[%clk 00:26:36]} {[%emt
00:01:34]} 31. a3 {[%clk 00:05:58]} {[%emt 00:00:39]} bxa3 {[%clk 00:23:43]}
{[%emt 00:03:23]} 32. Rxa3 {[%clk 00:06:24]} {[%emt 00:00:03]} e3 {[%clk
00:22:19]} {[%emt 00:01:53]} 33. b4 {[%clk 00:04:50]} {[%emt 00:02:05]} Rc8
{[%clk 00:19:12]} {[%emt 00:03:37]} 34. Raa1 {[%clk 00:04:21]} {[%emt
00:01:00]} Nd5 {[%clk 00:17:41]} {[%emt 00:02:00]} 35. g4 {[%clk 00:02:52]}
{[%emt 00:02:00]} Nxb4 {[%clk 00:16:57]} {[%emt 00:01:14]} 36. g5 {[%clk
00:02:13]} {[%emt 00:01:09]} Bg7 {[%clk 00:15:59]} {[%emt 00:01:26]} 37. Ra3
{[%clk 00:01:57]} {[%emt 00:00:47]} e2 {[%clk 00:16:00]} {[%emt 00:00:29]} 0-1